All Cities in Djibouti (cityquiz.io) - Statistics

General Stats
  • This quiz has been taken 66 times
  • The average score is 3 of 6
Answer Stats
Population City % Correct
475,322 Djibouti
100%
37,939 Ali-Sabieh
50%
13,260 Arta
38%
24,886 Dikhil
38%
11,706 Obock
38%
14,820 Tadjourah
33%
No matching quizzes found
Score Distribution
Percent of People with Each Score
Percentile by Number Answered
Your Score History
You have not taken this quiz